Características anatómicas, morfológicas y morfométricas de la madera de Teca (Tectona grandis L.F.), desarrollada en Costa Rica de semillas procedentes de tres países: Tailandia ;Tanzania y Costa Rica y con edades de corta de 7 y 10 años.

Tallennettuna:
Bibliografiset tiedot
Päätekijä: Carpio Malavassi, Isabel María, 1954-
Aineistotyyppi: Kirja
Kieli:Spanish
Julkaistu: [San José, Costa Rica] : Universidad de Costa Rica, Facultad de Ingeniería, Instituto de Investigaciones en Ingeniería, Laboratorio de Productos Forestales [200?]
Aiheet:
Tagit: Lisää tagi
Ei tageja, Lisää ensimmäinen tagi!

MARC

LEADER 00000nam a2200000Ia 4500
003 PI0005
005 20231024083033.0
008 140114s cr 000 ||spa d
040 |c cru CEDI  
100 |a Carpio Malavassi, Isabel María, 1954-  |9 1705 
245 |a Características anatómicas, morfológicas y morfométricas de la madera de Teca (Tectona grandis L.F.), desarrollada en Costa Rica de semillas procedentes de tres países: Tailandia ;Tanzania y Costa Rica y con edades de corta de 7 y 10 años. 
260 |a  [San José, Costa Rica] : Universidad de Costa Rica, Facultad de Ingeniería, Instituto de Investigaciones en Ingeniería, Laboratorio de Productos Forestales  |c [200?] 
650 |x TECA   |x LIGNINA  |x PULPA DE MADERA  
942 |c CEDI  |h PI 5  |i PI0005  |6 PI_5_000000000000000_PI0005 
999 |c 13050  |d 13050